000
00328 a2200145 4500
001
147824
040
_c
Escola São Tomás de Aquino
100
_a
DUPRÉ, Maria José
240
1
0
_a
A ilha perdida
_l
por
245
1
0
_a
A ilha perdida
300
_a
133
362
0
_a
1998
697
_a
*LITERATURA INFANTO JUVENIL
942
_c
BK
999
_c
147824
_d
147824